000 00376nam a2200145Ia 4500
008 230917s9999||||xx |||||||||||||| ||und||
040 _e40756
_aMAIN
041 _aEnglish
082 _a823.09 C314R
100 _aCavaliero, Glen
245 4 _aThe rural tradition in the english novel 1900-1939
260 _aLondon
_bMacmillan
_c1978
300 _axi, 240 p.
942 _cBK
999 _c200762
_d200762